| 000 | 00465cam a2200193ua 4500 | ||
|---|---|---|---|
| 020 | _c25.00 | ||
| 041 |
_aeng _h |
||
| 082 |
_a621.2 _bSAR/HY |
||
| 100 | _aSarao, A S. | ||
| 245 |
_aHydraulics and hydraulic machines / _cA S Sarao. _hTextual Documents |
||
| 250 |
_a4 / _b. |
||
| 260 |
_aNew Delhi : _bSatya Prakshan , _c1985. |
||
| 300 | _a335 ; . | ||
| 365 | _a25.00 | ||
| 504 | _a | ||
| 700 | 1 | _aKhosla, D S . | |
| 942 | _cBK | ||
| 999 |
_c9112 _d9112 |
||